Most Commonly Mispronounced Words - Statistics

General Stats
  • This quiz has been taken 72 times
  • The average score is 11 of 15
Answer Stats
Incorrect Pronunciation Word % Correct
AL-mond Almond
100%
CAR-mel Caramel
99%
AR-kuhn-sas Arkansas
93%
ATH-uh-leet Athlete
93%
ath-uh-LET-iks Athletics
90%
uh-LUM-i-num Aluminum
88%
AZ-fawlt Asphalt
84%
mis-chee-vious Mischievous
84%
aks Ask
81%
AS-thuh-muh Asthma
72%
uh-NEMON-ee Anemone
67%
BOH-kwet Bouquet
62%
ah-fee-day-vit Affidavit
57%
BAY-nuhl Banal
45%
uh-Kai Acai
26%
No matching quizzes found
Score Distribution
Percent of People with Each Score
Percentile by Number Answered
Your Score History
You have not taken this quiz